Loading...

Rural marketing: environment problems and strategies /

Bibliographic Details
Main Author: Gopalaswamy, T P .
Format: Printed Book
Published: New Delhi : Wheeler Publisher , 1998.
Subjects:
LEADER 00458cam a2200133ua 4500
082 |a 658.8001734  |b GOP-R 
100 1 |a Gopalaswamy, T P . 
245 1 0 |a Rural marketing: environment problems and strategies /  
260 |a New Delhi :   |b Wheeler Publisher ,   |c 1998. 
300 |a 173p.;  
650 0 |a Rural marketing 
942 |c BK 
999 |c 28950  |d 28950 
952 |0 0  |1 0  |4 0  |6 658_800173400000000_GOPR  |7 0  |9 37089  |a KU  |b KU  |d 2015-07-05  |l 0  |o 658.8001734 GOP-R  |p MB00006  |r 2020-12-24  |y BK